000
00259nam a2200109Ia 4500
008
220204s9999 xx 000 0 und d
082
_a
82-3
_b
CAR
100
_a
Carter, Nicholas
245
4
_a
The Man who vanished
260
_a
Bombay
_b
Wilco
_c
1968
942
_c
BK
999
_c
29563
_d
29563